000 00534nam a2200217Ia 4500
003 OSt
005 20241010051159.0
008 240925s9999 xx 000 0 und d
020 _a813300525
040 _cdf
082 _a320.947 HAM
100 _aHammer, Darrell P
245 4 _aThe USSR The Politics of Oligarchy
250 _a2nd
260 _aBoulder:
_bWestview Press
_c,1986.
300 _a324p.
_bNA
_fOriginal
500 _aIncludes Index
600 _aSocial Sciences
650 _aSocial Sciences
942 _cBK
_2ddc
999 _c2680
_d2680